| 000 | 00559nam a2200169 i 4500 | ||
|---|---|---|---|
| 001 | 98248 | ||
| 003 | ES-MaACL | ||
| 005 | 20230906182237.0 | ||
| 007 | t| | ||
| 008 | 050727s1972 sp ||||1| spa d | ||
| 100 | 1 |
_aMartelet, Bernard. _977163 |
|
| 245 | 1 | 3 |
_aLa fuerza del espíritu _b: esquema de espiritualidad conciliar / _cBernard Martelet; [traducción: Javier G. Martín]. |
| 260 |
_aMadrid : _bPropaganda Popular Católica, _c1972. |
||
| 300 |
_aXXVI, 134 p. ; _c19 cm. |
||
| 700 | 1 |
_aMartín, Javier G. _977314 |
|
| 852 |
_aES-MaACL _jC-49319 _bR.84163 |
||
| 999 |
_c98248 _d98248 |
||